<?xml version="1.0" encoding="UTF-8"?>
<record
    xmlns:xsi="http://www.w3.org/2001/XMLSchema-instance"
    xsi:schemaLocation="http://www.loc.gov/MARC21/slim http://www.loc.gov/standards/marcxml/schema/MARC21slim.xsd"
    xmlns="http://www.loc.gov/MARC21/slim">

  <leader>00593nam a22001937a 4500</leader>
  <datafield tag="999" ind1=" " ind2=" ">
    <subfield code="c">264230</subfield>
    <subfield code="d">264229</subfield>
  </datafield>
  <controlfield tag="003">OSt</controlfield>
  <controlfield tag="005">20240806134253.0</controlfield>
  <controlfield tag="008">240806b        xxu||||| |||| 00| 0 eng d</controlfield>
  <datafield tag="010" ind1=" " ind2=" ">
    <subfield code="a">2010282990</subfield>
  </datafield>
  <datafield tag="020" ind1=" " ind2=" ">
    <subfield code="a"> 9780545206945 (pbk.)</subfield>
  </datafield>
  <datafield tag="040" ind1=" " ind2=" ">
    <subfield code="c">DLC</subfield>
  </datafield>
  <datafield tag="050" ind1=" " ind2=" ">
    <subfield code="a"> PZ7</subfield>
    <subfield code="b">.T211115  2010</subfield>
  </datafield>
  <datafield tag="100" ind1=" " ind2=" ">
    <subfield code="a">Tarshis, Lauren.</subfield>
  </datafield>
  <datafield tag="245" ind1=" " ind2=" ">
    <subfield code="a"> I survived the sinking of the Titanic, 1912 / </subfield>
    <subfield code="c">| by Lauren Tarshis ; illustrated by Scott Dawson.</subfield>
  </datafield>
  <datafield tag="246" ind1=" " ind2=" ">
    <subfield code="a"> Sinking of the Titanic, 1912</subfield>
  </datafield>
  <datafield tag="260" ind1=" " ind2=" ">
    <subfield code="a"> New York : </subfield>
    <subfield code="b"> Scholastic,</subfield>
    <subfield code="c"> c2010.</subfield>
  </datafield>
  <datafield tag="300" ind1=" " ind2=" ">
    <subfield code="a"> 96 p. : </subfield>
    <subfield code="b"> ill. ; </subfield>
    <subfield code="c"> 22 cm.</subfield>
  </datafield>
  <datafield tag="942" ind1=" " ind2=" ">
    <subfield code="2">lcc</subfield>
    <subfield code="c">BK</subfield>
  </datafield>
  <datafield tag="952" ind1=" " ind2=" ">
    <subfield code="0">0</subfield>
    <subfield code="1">0</subfield>
    <subfield code="2">lcc</subfield>
    <subfield code="4">0</subfield>
    <subfield code="7">0</subfield>
    <subfield code="8">FIC</subfield>
    <subfield code="a">40404</subfield>
    <subfield code="b">40404</subfield>
    <subfield code="c">CHILD</subfield>
    <subfield code="d">2024-08-06</subfield>
    <subfield code="l">0</subfield>
    <subfield code="o">PZ7 .T211115  2010</subfield>
    <subfield code="p">CL20243599</subfield>
    <subfield code="r">2024-08-06 00:00:00</subfield>
    <subfield code="w">2024-08-06</subfield>
    <subfield code="y">BK</subfield>
  </datafield>
</record>
